00510nam a2200193Ia 4500003000400000005001700004008004100021040000700062041000800069082001900077100003700096245004600133260005400179300001000233365001300243440000900256650002900265650002200294OSt20230522154659.0210423s2002 xx 000 0 und d cAL aeng a323 223bIIHR aINDIAN INSTITUTE OF HUMAN RIGHTS aRe-thinking and re-designing human rights aNew DelhibIndian Institute of Human Rightsc2002 a1,128 b250cINR v4A.1 aCivil & Political Rights aPolitical Science